Heathers the musical - Statistics

General Stats
  • This quiz has been taken 2,548 times
  • The average score is 8 of 15
Answer Stats
Questions Answer % Correct
Who is the main female character? Veronica
99%
Heather.... Chandler
77%
How many people die throughout the musical/film? 4
70%
Heather.... Duke
69%
What is JD's actual name? Jason Dean
65%
Who is the best friend of the main protagonist? Martha
62%
What is the opening number called? Beautiful
61%
Which characters sing 17? Veronica and JD
57%
Heather.... McNamara
55%
What drink does JD like most? Slushie
50%
Who 'hides their gay forbidden love'? Ram and Kurt
45%
What are the 3 colours of the Heathers? Red, Yellow and Green
35%
What drink should JD better chug? Mountain Dew
31%
What order does Veronica do her tequila shot? Salt, lime then shot
7%
What school do they attend? Westernberg
7%
No matching quizzes found
Score Distribution
Percent of People with Each Score
Percentile by Number Answered
Your Score History
You have not taken this quiz